000 00700nam1a2200253 4500
001 RU\NLR\BIBL_A\011749628
005 20240727023150.0
035 _a(NLR Aleph) 011749628
090 _a11623101
_c11623101
100 _a20180706g20179999u y0rusy50 ca
101 0 _arus
102 _aRU
105 _a||||zzzz||||y
200 1 _aВир
_eроман
_fНиколай Михаль
210 _aСанкт-Петербург
_cНИЦ АРТ
_d2017
215 _d20
686 2 _aШ6(2=Р)75-440.4
700 1 _aМихаль
_bН.
_f1914-2009
_gНиколай
852 _aNLR
_j2018-3/18289
942 _cBOOK
980 _aNBR